| 000 | 00514nam a22001817a 4500 | ||
|---|---|---|---|
| 999 |
_c17255 _d17255 |
||
| 003 | AR-CdUCM | ||
| 008 | 190507b ||||| |||| 00| 0 spa d | ||
| 040 |
_aMUNICIPALIDAD PROVINCIAL DEL CUSCO _cBIBLIOTECA MUNICIPAL DEL CUSCO |
||
| 082 |
_a828.9 / _bD961 |
||
| 100 |
_aDooley, Elliot _937147 |
||
| 245 | _aLawrence de Arabia / | ||
| 260 |
_aBarcelona : _bBruguera, _c1963. |
||
| 300 |
_a225 páginas ; _c20 cm. |
||
| 505 | _aLiteratura. | ||
| 650 |
_aLitearatura. _937148 |
||
| 942 |
_2ddc _cLIBROS |
||
| 945 | _awfj | ||